Welcome to CU Library Online Public Access Catalogue (OPAC)

Project management for the 21st century / (Record no. 5101)

MARC details
000 -LEADER
fixed length control field 00806cam a2200241 a 4500
001 - CONTROL NUMBER
control field 3074579
005 - DATE AND TIME OF LATEST TRANSACTION
control field 20250322154521.0
008 - FIXED-LENGTH DATA ELEMENTS--GENERAL INFORMATION
fixed length control field 980729s1998 caua 001 0 eng
020 ## - INTERNATIONAL STANDARD BOOK NUMBER
International Standard Book Number 012449966X
050 00 - LIBRARY OF CONGRESS CALL NUMBER
Classification number HD69.P75
Item number L54 1998
082 00 - DEWEY DECIMAL CLASSIFICATION NUMBER
Classification number 658.4/04
Edition information 21
100 1# - MAIN ENTRY--PERSONAL NAME
Personal name Lientz, Bennet P.
245 10 - TITLE STATEMENT
Title Project management for the 21st century /
Statement of responsibility, etc. Bennet P. Lientz, Kathryn P. Rea.
250 ## - EDITION STATEMENT
Edition statement 2nd ed.
260 ## - PUBLICATION, DISTRIBUTION, ETC.
Place of publication, distribution, etc. San Diego :
Name of publisher, distributor, etc. Academic Press,
Date of publication, distribution, etc. c1998.
300 ## - PHYSICAL DESCRIPTION
Extent xv, 339 p. :
Other physical details ill. ;
Dimensions 23 cm.
500 ## - GENERAL NOTE
General note Includes index.
650 00 - SUBJECT ADDED ENTRY--TOPICAL TERM
Topical term or geographic name entry element Project management.
700 1# - ADDED ENTRY--PERSONAL NAME
Personal name Rea, Kathryn P.
856 42 - ELECTRONIC LOCATION AND ACCESS
Materials specified Publisher description
Uniform Resource Identifier <a href="http://www.loc.gov/catdir/description/els032/97080797.html">http://www.loc.gov/catdir/description/els032/97080797.html</a>
856 41 - ELECTRONIC LOCATION AND ACCESS
Materials specified Table of contents
Uniform Resource Identifier <a href="http://www.loc.gov/catdir/toc/els032/97080797.html">http://www.loc.gov/catdir/toc/els032/97080797.html</a>
942 ## - ADDED ENTRY ELEMENTS (KOHA)
Source of classification or shelving scheme Library of Congress Classification
Koha item type Books
Suppress in OPAC No
999 ## -
-- 5101
-- 5101
Holdings
Withdrawn status Lost status Source of classification or shelving scheme Damaged status Not for loan Collection Home library Current library Shelving location Date acquired Total checkouts Full call number Barcode Date last seen Copy number Price effective from Koha item type
    Library of Congress Classification     Non-fiction Undergraduate Library (Christ Temple) Undergraduate Library (Christ Temple) General stacks 03/22/2025   HD69.P75L54 LIE ulct00001902 03/22/2025 1 03/22/2025 Books
© 2023-2024 Copyright: Central University Libraries. All Rights Reserved | Created by: Mahone Tech Office